Statistics for States of Akkaraleno Quiz - NO HINTS

Click here to take the quiz!

General Stats

  • This quiz has been taken 9 times
  • The average score is 15 of 24

Answer Stats

Answer% Correct
2Asterry
100%
13Maddelly
100%
16North Sailwyn
100%
20South Asterry
100%
21South Sailwyn
100%
1Alguine
67%
5Chestell Islands
67%
6Deslia
67%
7Enilloo
67%
8Gemayinne
67%
11Lofton
67%
14Molliotta
67%
18Roshder
67%
22Tinquille
67%
23Vollonda
67%
3Belton
33%
4Billam
33%
9Hollorra
33%
10Jackston
33%
12Lova
33%
15Nioster
33%
17Ollabry
33%
19Sordee
33%
24Wysanda
33%

Score Distribution

Percentile by Number Answered

Percent of People with Each Score

Your Score History

You have not taken this quiz